000 00421nam a2200181Ia 4500
001 9783
005 20260306161743.0
008 260306t2005||||xx |||||||||||||| ||spa||
041 _aESP
082 _a460.05
_bA17 N° 40
100 _aAcademia Peruana de la Lengua
_eAUT
245 0 _aAcademia Peruana de la Lengua
260 _c2005
300 _a
_c
650 _aGEN
654 _aCHU
942 _cLIB
_dJUS
_fJUS
_2ddc
_n
999 _c9783
_d9783